| Tag |
First Indicator |
Second Indicator |
Subfields |
| LEADER |
00000cam a2200000 a 4500 |
| 001 |
in00000020831 |
| 005 |
20151007055506.0 |
| 008 |
880127s1986 enk b 00010 eng d |
| 020 |
|
|
|a 0906577721
|
| 035 |
|
|
|a (OCoLC)17397047
|
| 035 |
|
|
|9 AAB8397AM
|
| 040 |
|
|
|a ESU
|c ESU
|d UIU
|d TXA
|d UtOrBLW
|
| 049 |
|
|
|a TXAM
|c [A12555157]
|
| 050 |
|
4 |
|a GV181.3
|b .C62 1986
|
| 100 |
1 |
|
|a Coalter, Fred.
|
| 245 |
1 |
0 |
|a Rationale for public sector investment in leisure /
|c by Fred Coalter with Jonathan Long and Brian Duffield, Centre for Leisure Research.
|
| 264 |
|
1 |
|a [Place of publication not identified] :
|b Sports Council and Economic & Social Research Council,
|c 1986.
|
| 300 |
|
|
|a viii, 181 pages ;
|c 30 cm.
|
| 336 |
|
|
|a text
|b txt
|2 rdacontent
|
| 337 |
|
|
|a unmediated
|b n
|2 rdamedia
|
| 338 |
|
|
|a volume
|b nc
|2 rdacarrier
|
| 500 |
|
|
|a "A report to the Joint Panel on Leisure & Recreation Research"-- cover.
|
| 504 |
|
|
|a Bibliography : pages [171]-181.
|
| 650 |
|
0 |
|a Leisure
|z Great Britain
|x Government policy.
|
| 700 |
1 |
|
|a Long, Jonathan
|q (Jonathan A.)
|
| 700 |
1 |
|
|a Duffield, Brian Snowden.
|
| 710 |
2 |
|
|a Joint Panel on Leisure & Recreation Research.
|
| 999 |
|
|
|a MARS
|
| 999 |
f |
f |
|s 02c0bad8-54d2-390a-8300-da191c09b77e
|i 53f854a6-5564-3529-a684-5829f35613d6
|t 0
|
| 952 |
f |
f |
|p ric
|a Texas A&M University
|b Rellis Campus
|c Joint Library Facility
|d Remote Storage
|t 0
|e GV181.3 C62 1986
|h Library of Congress classification
|i unmediated -- volume
|m A14812555157
|
| 998 |
f |
f |
|a GV181.3 C62 1986
|t 0
|l Remote Storage
|